The low frequency response of car bodies.

Bibliographic Details
Main Author: Craggs, A.
Corporate Author: Motor Industry Research Association
Format: Book
Language:English
Published: Lindley, [England] : Motor Industry Research Association, 1965.
Series:Report (Motor Industry Research Association) ; no. 1965/14.
Subjects:

MARC

Tag First Indicator Second Indicator Subfields
LEADER 00000cam a2200000 a 4500
001 in00000778024
005 20151017054059.0
008 880606s1965 enka t 00000 eng d
035 |a (OCoLC)18041590 
035 |9 ADL7444AM 
040 |a TXA  |c TXA  |d UtOrBLW 
049 1 |a TXA2 
090 |a TL1  |b .M4 no. 1965/14 
100 1 |a Craggs, A. 
245 1 4 |a The low frequency response of car bodies. 
264 1 |a Lindley, [England] :  |b Motor Industry Research Association,  |c 1965. 
300 |a 23 pages :  |b illustrations, tables ;  |c 28 cm. 
336 |a text  |b txt  |2 rdacontent 
337 |a unmediated  |b n  |2 rdamedia 
338 |a volume  |b nc  |2 rdacarrier 
490 1 |a Report (Motor Industry Research Association) ;  |v no. 1965/14 
650 0 |a Automobiles  |x Vibration. 
710 2 |a Motor Industry Research Association. 
830 0 |a Report (Motor Industry Research Association) ;  |v no. 1965/14. 
999 |a MARS 
999 f f |s 2775fdf8-2cb2-3c95-8862-fa9f93530575  |i 569d8632-2e18-349b-bb9e-2b23b36f5fa1  |t 0 
952 f f |p ric  |a Texas A&M University  |b Rellis Campus  |c Joint Library Facility  |d Remote Storage  |t 0  |e TL1 .M4 no. 1965/14  |h Library of Congress classification  |i unmediated -- volume  |m A14811436499 
998 f f |a TL1 .M4 no. 1965/14  |t 0  |l Remote Storage